000 00505nam a2200181Ia 4500
001 14398
005 20260306164911.0
008 260306t2018||||xx |||||||||||||| ||spa||
041 _aESP
082 _a512.7
_bB74
100 _aBorel, A.
_eAUT
245 0 _aSeminar on complex multiplication:
_bseminar held at the Institute for Advanced Study, Princeton, N.J., 1957-58
260 _c2018
300 _apáginas sin numerar :
_c23 cm.
650 _aGEN
654 _aCMA
942 _cLIB
_dJUS
_fJUS
_2ddc
_n
999 _c14398
_d14398